Movies Without Action Quiz Stats

 Plays Quiz Updated May 22, 2015

Challenge
Share
Tweet
Embed
Score 0/99 Timer 08:00
0 Plays Today
Movie Verb % Correct
Diamonds ___ ForeverAre
98.3%
___ Bill: Vol. 1Kill
95.3%
___ Me If You CanCatch
94%
10 Things I ___ About YouHate
93.5%
Live Free or ___ HardDie
93.5%
All Dogs ___ to HeavenGo
93.2%
Honey, I ___ the KidsShrunk
93.1%
I ___ You Phillip MorrisLove
92.5%
The Hills ___ EyesHave
92%
___ It Like BeckhamBend
92%
A Fish ___ WandaCalled
90.8%
One ___ Over the Cuckoo's NestFlew
90.1%
The Day the Earth ___ StillStood
89.2%
How the Grinch ___ ChristmasStole
88.6%
___ God It's FridayThank
87.7%
The Devil ___ PradaWears
87.2%
Horton ___ a WhoHears
87%
Mr. Smith ___ to WashingtonGoes
86.9%
I ___ a Fugitive from a Chain GangAm
86.3%
That Thing You ___!Do
86.2%
What ___ BeneathLies
85.8%
___ It to BeaverLeave
85.1%
A River ___ Through ItRuns
85.1%
Honey, I ___ Up the KidBlew
84.8%
How to ___ Your DragonTrain
84.8%
Who ___ Roger RabbitFramed
84.1%
How to ___ a Guy in 10 DaysLose
83.9%
___ After ReadingBurn
83.1%
___ Him to the GreekGet
82.5%
I ___ Who Killed MeKnow
81.7%
___ M for MurderDial
81.3%
Never ___ to StrangersTalk
81.2%
The Men Who ___ at GoatsStare
81%
Movie Verb % Correct
I Now ___ You Chuck & LarryPronounce
81%
The Muppets ___ ManhattanTake
80.9%
The Skin I ___ InLive
80.7%
___ by MeStand
80.1%
They ___ from WithinCame
79.5%
So I ___ an Axe MurdererMarried
79.3%
Mars ___!Attacks
79.2%
We ___ SoldiersWere
78.3%
Here ___ Mr. JordanComes
78.2%
The Sun Also ___Rises
76.8%
___ the LineWalk
76.6%
She ___ a Yellow RibbonWore
75.8%
Never ___ WolfCry
75.3%
How to ___ an American QuiltMake
75.1%
The Pink Panther ___ AgainStrikes
75%
Gentlemen ___ BlondesPrefer
74.6%
Reality ___Bites
74.1%
It ___ One NightHappened
74%
Fools ___ InRush
73.7%
Never ___ Never AgainSay
73.2%
I ___ I Love My WifeThink
73.1%
I ___ a Teenage WerewolfWas
73%
___ It ForwardPay
72.7%
The Postman Always ___ TwiceRings
71.1%
Never ___ a Sucker an Even BreakGive
70%
A Tree ___ in BrooklynGrows
69.8%
I ___ HuckabeesHeart
69.3%
I ___ They Serve Beer in HellHope
68.6%
___ the Drum SlowlyBang
68.1%
I ___ to Live!Want
67.7%
The Iceman ___Cometh
67.6%
___ Me the Head of Alfredo GarciaBring
67.3%
Somebody Up There ___ MeLikes
66.9%
Movie Verb % Correct
Johnny ___ His GunGot
66.7%
___ It on RioBlame
66%
___ Up the VolumePump
65.1%
___ Momma from the TrainThrow
62.3%
I ___ Up ScreamingWake
61.8%
And God ___ WomanCreated
61.2%
Before Night ___Falls
58.4%
___ Me to HellDrag
58.2%
Abbott & Costello ___ FrankensteinMeet
57.5%
Mr. Blandings ___ His Dream HouseBuilds
55.3%
Don't ___ NowLook
54.7%
I ___ on Your GraveSpit
54.6%
Ernest ___ ChristmasSaves
53.9%
___ Making SenseStop
53.5%
Mars ___ MomsNeeds
52.9%
___ Misty for MePlay
52.6%
___ Me DeadlyKiss
51.6%
They ___ Horses, Don't They?Shoot
50.8%
I ___ Andy WarholShot
45.9%
___ Your WagonPaint
44.5%
___ Until DarkWait
43%
___ to Witch MountainRace
41.5%
Destry ___ AgainRides
40.3%
___ the Conquering HeroHail
36.7%
Chan ___ MissingIs
36%
___ Up Your EarsPrick
32.2%
Only When I ___Laugh
27.4%
Max Dugan ___Returns
26.7%
___ the NoiseFeel
21.7%
I ___ MamaRemember
15.3%
Santa Claus ___ the MartiansConquers
15%
The Bad ___ WellSleep
14%
___, You SuckerDuck
9.9%

You're not logged in!

Compare scores with friends on all Sporcle quizzes.
Join for Free
OR
Log In

You Might Also Like...

Show Comments

Extras

Top Quizzes Today


Score Distribution

Your Account Isn't Verified!

In order to create a playlist on Sporcle, you need to verify the email address you used during registration. Go to your Sporcle Settings to finish the process.

Report this User

Report this user for behavior that violates our Community Guidelines.

Details: